Science - Biology | 0 | 3 | 0 | 1 | 30 | 115 | 117.33 | 0 | 2 |
Social Science | 0 | 3 | 0 | 1 | 30 | 76 | 92.67 | 1 | 3 |
Beliefs | 0 | 2 | 0 | 0 | 20 | 114 | 115.00 | 0 | 1 |
History - American History | 1 | 1 | 1 | 0 | 20 | 56 | 66.00 | 1 | 2 |
Philosophy | 0 | 2 | 0 | 1 | 20 | 115 | 120.00 | 0 | 1 |
History - European History | 1 | 1 | 2 | 0 | 15 | 61 | 85.00 | 0 | 1 |
Fine Arts - Visual Fine Arts | 1 | 0 | 0 | 0 | 15 | 45 | 45.00 | 0 | 1 |
History - American History | 0 | 1 | 0 | 0 | 10 | 73 | 73.00 | 1 | 1 |
Science - Physics | 0 | 1 | 0 | 1 | 10 | 125 | 125.00 | 0 | 1 |
History - European History | 0 | 1 | 0 | 1 | 10 | 124 | 124.00 | 0 | 0 |
Other Science: Math | 0 | 1 | 0 | 1 | 10 | 137 | 137.00 | 0 | 1 |
History - American History | 0 | 1 | 0 | 0 | 10 | 68 | 68.00 | 0 | 1 |
Fine Arts - Auditory Fine Arts | 0 | 1 | 1 | 0 | 5 | 125 | 125.00 | 0 | 0 |
| 0 | 1 | 1 | 0 | 5 | 100 | 100.00 | 0 | 0 |
History - World History | 0 | 1 | 2 | 0 | 0 | 99 | 99.00 | 0 | 1 |
Other Arts: Visual | 0 | 0 | 0 | 0 | 0 | | 0.00 | 0 | 0 |
| 0 | 0 | 1 | 0 | -5 | | 0.00 | 0 | 0 |
Other Academic | 0 | 0 | 2 | 0 | -10 | | 0.00 | 0 | 0 |